Google Übersetzer: Videospieltitel - Statistiken

Allgemein
  • Dieses Quiz wurde 153 mal gespielt
  • Das Durchschnittsergebnis liegt bei 7 aus 20
Antwortstatistiken
Google Übersetzer sagt Genre (Beispiel) Es war gemeint % Korrekt
Rocket League ist ein großartiges Beispiel Action, Online Multiplayer Rocket League
90%
Bandicoot brechen Jump'n'Run Crash Bandicoot
80%
Erstaunliche Spinne Action-Adventure The Amazing Spider Man
77%
Unser letzter Teil Shooter, Action-Adventure The Last of Us Part 1
64%
Die Geschichte von Xenoblade Chronicles JRPG Xenoblade Chronicles
60%
Fox ist ein Star Shoot 'em Up Star Fox
50%
auf Arbeit (Ego) Shooter Call of Duty
45%
Mario Karton RPG Paper Mario
40%
Er ist den ganzen Tag gestorben. Survival Horror Dead by Daylight
34%
Ich habe Angst, mich zu beschweren Aufbau, Sandbox Minecraft
25%
Der letzte Teil von Teil Sieben (J)RPG Final Fantasy 7
20%
regulärer Vertrag Multiplayer Online Battle Arena League of Legends
19%
Er hat ein schlechtes Leben Survival Horror Resident Evil
16%
Der richtige Hut 3D Jump'N'Run Indie A Hat in Time
11%
Phoenix richtig ist Berater Visual Novel Phoenix Wright Ace Attorney
10%
Lauf Affe Jump'N'Run, Kampfspiel Ape Escape
6%
ein ernsthafter Dieb Action-Adventure Tomb Raider
4%
Das Geräusch des Zauns Jump'n'Run Sonic the Hedgehog
3%
Der Gewinner hatte einen schlechten Tag Action-Adventure Conkers Bad Fur Day
2%
Innerhalb der Regierung Action-(J)RPG Kingdom Hearts
2%
Keine übereinstimmenden Quizze gefunden
Verteilung der Resultate
Anzahl Personen mit jedem Resultat
Perzentil nach korrekt beantworteten Fragen
Ihre Resultats-Entwicklung
Sie haben dieses Quiz noch nicht gespielt